<?xml version="1.0" encoding="UTF-8"?>
<record
    xmlns:xsi="http://www.w3.org/2001/XMLSchema-instance"
    xsi:schemaLocation="http://www.loc.gov/MARC21/slim http://www.loc.gov/standards/marcxml/schema/MARC21slim.xsd"
    xmlns="http://www.loc.gov/MARC21/slim">

  <leader>01368nam a2200253 a 4500</leader>
  <controlfield tag="001">39913</controlfield>
  <controlfield tag="003">BD-RjUL</controlfield>
  <controlfield tag="005">20211209053104.0</controlfield>
  <controlfield tag="008">160419b1986    ii a|||| |||| 00| 0 ben d</controlfield>
  <datafield tag="020" ind1=" " ind2=" ">
    <subfield code="c">TK. 25.00</subfield>
  </datafield>
  <datafield tag="035" ind1=" " ind2=" ">
    <subfield code="a">(BD-RjUL)40027</subfield>
  </datafield>
  <datafield tag="040" ind1=" " ind2=" ">
    <subfield code="a">BD-RjUL</subfield>
    <subfield code="b">ben</subfield>
    <subfield code="c">BD-RjUL</subfield>
  </datafield>
  <datafield tag="041" ind1=" " ind2=" ">
    <subfield code="a">ben</subfield>
  </datafield>
  <datafield tag="082" ind1=" " ind2=" ">
    <subfield code="2">23</subfield>
    <subfield code="a">891.209</subfield>
    <subfield code="b">GOS 1986</subfield>
  </datafield>
  <datafield tag="100" ind1=" " ind2=" ">
    <subfield code="a">&#x997;&#x9CB;&#x9B8;&#x9CD;&#x9AC;&#x9BE;&#x9CD;&#x9AE;&#x9C0;, &#x9B6;&#x9CD;&#x9B0;&#x9C0;&#x99C;&#x9AF;&#x9BC;&#x9A6;&#x9C7;&#x9AC;</subfield>
    <subfield code="9">122945</subfield>
  </datafield>
  <datafield tag="245" ind1="1" ind2="0">
    <subfield code="a"> &#x9B6;&#x9CD;&#x9B0;&#x9C0;&#x9B6;&#x9CD;&#x9B0;&#x9C0; &#x997;&#x9C0;&#x9A4;&#x997;&#x9CB;&#x9AC;&#x9BF;&#x9A8;&#x9CD;&#x9A6;&#x9AE;&#x9CD; /</subfield>
    <subfield code="c">&#x9B6;&#x9CD;&#x9B0;&#x9C0;&#x99C;&#x9AF;&#x9BC;&#x9A6;&#x9C7;&#x9AC; &#x997;&#x9CB;&#x9B8;&#x9CD;&#x9AC;&#x9BE;&#x9CD;&#x9AE;&#x9C0; ; &#x9B6;&#x9CD;&#x9B0;&#x9C0;&#x9A8;&#x9B0;&#x9B9;&#x9B0;&#x9BF; &#x9A6;&#x9BE;&#x9B8;-&#x995;&#x9C3;&#x9CD;&#x9A4;  &#x9B8;&#x9C1;&#x9B2;&#x9B2;&#x9BF;&#x9A4; &#x9AA;&#x9A6;&#x9CD;&#x9AF;&#x9BE;&#x9A8;&#x9C1;&#x9AC;&#x9BE;&#x9A6; ; &#x9B6;&#x9CD;&#x9B0;&#x9C0;&#x9AC;&#x9C7;&#x9A3;&#x9C0;&#x9AE;&#x9BE;&#x9A7;&#x9AC; &#x9B6;&#x9C0;&#x9B2; &#x9B8;&#x9AE;&#x9CD;&#x9AA;&#x9BE;&#x9A6;&#x9BF;&#x9A4;</subfield>
  </datafield>
  <datafield tag="260" ind1=" " ind2=" ">
    <subfield code="a">&#x995;&#x9B2;&#x9BF;&#x995;&#x9BE;&#x9A4;&#x9BE; : </subfield>
    <subfield code="b">&#x985;&#x995;&#x9CD;&#x9B7;&#x9AF;&#x9BC; &#x9B2;&#x9BE;&#x987;&#x9AC;&#x9CD;&#x9B0;&#x9C7;&#x9B0;&#x9C0;,</subfield>
    <subfield code="c">&#x9E7;&#x9EF;&#x9EE;&#x9EC; (&#x9E7;&#x9E9;&#x9EF;&#x9E9;)</subfield>
  </datafield>
  <datafield tag="300" ind1=" " ind2=" ">
    <subfield code="a">[&#x9EA;], &#x9E7;&#x9EC;&#x9EE; &#x9AA;&#x9C3;. :</subfield>
    <subfield code="b">&#x99A;&#x9BF;&#x9A4;&#x9CD;&#x9B0; ;</subfield>
    <subfield code="c">&#x9E8;&#x9E7; &#x9B8;&#x9C7;&#x9AE;&#x9BF;.</subfield>
  </datafield>
  <datafield tag="650" ind1=" " ind2=" ">
    <subfield code="a">&#x9B8;&#x982;&#x9B8;&#x9CD;&#x995;&#x9C3;&#x9A4; &#x9B8;&#x9BE;&#x9B9;&#x9BF;&#x9A4;&#x9CD;&#x9AF;</subfield>
    <subfield code="x">&#x987;&#x9A4;&#x9BF;&#x9B9;&#x9BE;&#x9B8; &#x993; &#x9B8;&#x9AE;&#x9BE;&#x9B2;&#x9CB;&#x99A;&#x9A8;&#x9BE;</subfield>
    <subfield code="9">119695</subfield>
  </datafield>
  <datafield tag="650" ind1=" " ind2=" ">
    <subfield code="a">Sanskrit literature</subfield>
    <subfield code="x">History and criticism</subfield>
    <subfield code="9">119696</subfield>
  </datafield>
  <datafield tag="700" ind1=" " ind2=" ">
    <subfield code="a"> &#x9A6;&#x9BE;&#x9B8;-&#x995;&#x9C3;&#x9CD;&#x9A4;, &#x9B6;&#x9CD;&#x9B0;&#x9C0;&#x9A8;&#x9B0;&#x9B9;&#x9B0;&#x9BF;, &#x9B8;&#x9C1;&#x9B2;&#x9B2;&#x9BF;&#x9A4; &#x9AA;&#x9A6;&#x9CD;&#x9AF;&#x9BE;&#x9A8;&#x9C1;&#x9AC;&#x9BE;&#x9A6;&#x995;</subfield>
    <subfield code="9">122946</subfield>
  </datafield>
  <datafield tag="700" ind1=" " ind2=" ">
    <subfield code="a">&#x9B6;&#x9C0;&#x9B2;, &#x9B6;&#x9CD;&#x9B0;&#x9C0;&#x9AC;&#x9C7;&#x9A3;&#x9C0;&#x9AE;&#x9BE;&#x9A7;&#x9AC;, &#x9B8;&#x9AE;&#x9CD;&#x9AA;&#x9BE;&#x9A6;&#x995;</subfield>
    <subfield code="9">122947</subfield>
  </datafield>
  <datafield tag="942" ind1=" " ind2=" ">
    <subfield code="2">ddc</subfield>
    <subfield code="c">BK</subfield>
  </datafield>
  <datafield tag="999" ind1=" " ind2=" ">
    <subfield code="c">39913</subfield>
    <subfield code="d">39913</subfield>
  </datafield>
  <datafield tag="952" ind1=" " ind2=" ">
    <subfield code="0">0</subfield>
    <subfield code="1">0</subfield>
    <subfield code="2">ddc</subfield>
    <subfield code="4">0</subfield>
    <subfield code="7">0</subfield>
    <subfield code="8">NFIC</subfield>
    <subfield code="a">RUCL</subfield>
    <subfield code="b">RUCL</subfield>
    <subfield code="c">Stack</subfield>
    <subfield code="d">1996-08-27</subfield>
    <subfield code="e">Uttar Bongo Library, Rajshahi</subfield>
    <subfield code="g">35.00</subfield>
    <subfield code="l">1</subfield>
    <subfield code="o">B 891.209 GOS 1986</subfield>
    <subfield code="q">2026-06-08</subfield>
    <subfield code="r">2026-05-12 12:14:12</subfield>
    <subfield code="s">2026-05-12</subfield>
    <subfield code="t">C-2</subfield>
    <subfield code="w">2016-04-19</subfield>
    <subfield code="y">BK</subfield>
  </datafield>
</record>
